Detalles MARC
| 000 -LEADER |
| fixed length control field |
01627nam a2200421Ii 4500 |
| 001 - CONTROL NUMBER |
| control field |
DIGUDS07307 |
| 003 - CONTROL NUMBER IDENTIFIER |
| control field |
NyNyDIG |
| 006 - FIXED-LENGTH DATA ELEMENTS--ADDITIONAL MATERIAL CHARACTERISTICS |
| fixed length control field |
m o d |
| 007 - PHYSICAL DESCRIPTION FIXED FIELD--GENERAL INFORMATION |
| fixed length control field |
cr ||||||||||| |
| 008 - FIXED-LENGTH DATA ELEMENTS--GENERAL INFORMATION |
| fixed length control field |
140401s2012 sp ob 000 0 spa d |
| 020 ## - INTERNATIONAL STANDARD BOOK NUMBER |
| Canceled/invalid ISBN |
9788490120903 (CD-ROM) |
| 020 ## - INTERNATIONAL STANDARD BOOK NUMBER |
| Canceled/invalid ISBN |
8490120900 (CD-ROM) |
| 040 ## - CATALOGING SOURCE |
| Original cataloging agency |
DGITA |
| Language of cataloging |
eng |
| Description conventions |
pn |
| Transcribing agency |
DGITA |
| 041 0# - LANGUAGE CODE |
| Language code of text/sound track or separate title |
spaeng |
| 050 14 - LIBRARY OF CONGRESS CALL NUMBER |
| Classification number |
LB2325 eBook |
| 100 1# - MAIN ENTRY--PERSONAL NAME |
| Personal name |
Méndez Cea, Cecilia. |
| 245 10 - TITLE STATEMENT |
| Title |
Convergencia educativa y diversidad cultural en el EEES : |
| Remainder of title |
desde las aulas universitarias multiculturales de segundas lenguas (E/LE) hacia la competencia intercultural / |
| Statement of responsibility, etc. |
Cecilia Méndez Cea. |
| 250 ## - EDITION STATEMENT |
| Edition statement |
1a ed. |
| 264 #1 - PRODUCTION, PUBLICATION, DISTRIBUTION, MANUFACTURE, AND COPYRIGHT NOTICE |
| Place of production, publication, distribution, manufacture |
Salamanca : |
| Name of producer, publisher, distributor, manufacturer |
Ediciones Universidad de Salamanca, |
| Date of production, publication, distribution, manufacture, or copyright notice |
2012. |
| 300 ## - PHYSICAL DESCRIPTION |
| Extent |
1 online resource (653 p) |
| 336 ## - CONTENT TYPE |
| Content type term |
text |
| Content type code |
txt |
| Source |
rdacontent |
| 337 ## - MEDIA TYPE |
| Media type term |
computer |
| Media type code |
c |
| Source |
rdamedia |
| 338 ## - CARRIER TYPE |
| Carrier type term |
online resource |
| Carrier type code |
cr |
| Source |
rdacarrier |
| 490 1# - SERIES STATEMENT |
| Series statement |
Colección Vítor ; |
| Volume/sequential designation |
no. 307. |
| 500 ## - GENERAL NOTE |
| General note |
Originally presented as the author's thesis (doctoral)--Universidad de Salamanca. |
| 504 ## - BIBLIOGRAPHY, ETC. NOTE |
| Bibliography, etc. note |
Includes bibliographical references (p. 605-645). |
| 546 ## - LANGUAGE NOTE |
| Language note |
Texto en español, resumen en español e inglés. |
| 650 #0 - SUBJECT ADDED ENTRY--TOPICAL TERM |
| Topical term or geographic name entry element |
Education. |
| 650 #0 - SUBJECT ADDED ENTRY--TOPICAL TERM |
| Topical term or geographic name entry element |
Cultural diversity. |
| 650 #0 - SUBJECT ADDED ENTRY--TOPICAL TERM |
| Topical term or geographic name entry element |
Language and languages. |
| 655 #0 - INDEX TERM--GENRE/FORM |
| Genre/form data or focus term |
Electronic books. |
| 791 2# - |
| -- |
Digitalia (Firm), |
| -- |
distributor. |
| 793 0# - |
| -- |
Digitalia eBook Collection: |
| -- |
Ediciones Universidad de Salamanca. |
| 830 #0 - SERIES ADDED ENTRY--UNIFORM TITLE |
| Uniform title |
Colección Vítor ; |
| Volume/sequential designation |
no. 307. |
| 856 40 - ELECTRONIC LOCATION AND ACCESS |
| Materials specified |
Digitalia Hispánica |
| Uniform Resource Identifier |
<a href="https://www.digitaliapublishing.com/a/17540/">https://www.digitaliapublishing.com/a/17540/</a> |
| 910 ## - USER-OPTION DATA (OCLC) |
| User-option data |
Premium Collection: 2007-2012 |
| 942 ## - ADDED ENTRY ELEMENTS (KOHA) |
| Koha item type |
Recurso Electrónico |